|
|
|
|
| LEADER |
01218nam a22002657a 4500 |
| 001 |
AAL9676 |
| 003 |
BD-DhAAL |
| 005 |
20180715120953.0 |
| 008 |
180715m20112009B ||||| |||| 00| 0 en d |
| 999 |
|
|
|c 39777
|d 39777
|
| 020 |
|
|
|a 9789842005466
|
| 020 |
|
|
|a 9789842001383 (vol.5)
|
| 020 |
|
|
|a 9789842001468 (set)
|
| 040 |
|
|
|a BD-DhAAL
|c BD-DhAAL
|
| 082 |
|
|
|a 891.4437
|
| 100 |
|
|
|a চট্টোপাধ্যায়, বঙ্কিমচন্দ্র
|9 27303
|
| 245 |
|
|
|a কৃষ্ণকান্তের উইল /
|c বঙ্কিমচন্দ্র চট্টোপাধ্যায়, সম্পাদনা আনিসুজ্জামান
|
| 260 |
|
|
|a ঢাকা :
|b অ্যাডর্ন পাবলিকেশন্স,
|c ২০১১
|
| 300 |
|
|
|a ১১৮ পৃ. ;
|c ২২ সে.মি.
|
| 541 |
|
|
|e 9676
|
| 650 |
|
|
|a Bengali fiction
|9 27304
|
| 700 |
|
|
|a আনিসুজ্জামান
|9 27305
|
| 852 |
|
|
|a Savar Campus Library
|c General Shelf
|
| 942 |
|
|
|2 ddc
|c BK
|
| 952 |
|
|
|0 0
|1 0
|2 ddc
|4 0
|6 891_443700000000000_CHA
|7 0
|9 63805
|a SCL
|b SCL
|c GEN
|d 2018-07-15
|e Development Book Agency
|g 162.00
|l 24
|m 39
|o 891.4437 CHA
|p 3020009676
|r 2026-05-06
|s 2026-04-23
|t 1
|w 2018-07-15
|y BK
|